People in Pictures with Emmanuel Macron #1 - Statistics

General Stats
  • This quiz has been taken 92 times
  • The average score is 12 of 16
Answer Stats
Picture Answer % Correct
Donald Trump
99%
Angela Merkel
98%
Vladimir Putin
98%
Justin Trudeau
89%
King Charles III
88%
Kylian Mbappé
85%
Kamala Harris
84%
Bill Gates
72%
Recep Tayyip Erdoğan
70%
Giorgia Meloni
64%
Jimmy Fallon
62%
Narendra Modi
59%
Ursula von der Leyen
58%
Shinzo Abe
51%
Lula da Silva
48%
Mohammed bin Salman
37%
No matching quizzes found
Score Distribution
Percent of People with Each Score
Percentile by Number Answered
Your Score History
You have not taken this quiz